Nghiên cứu sự phân bố của một số loài vi khuẩn lam và vi tảo tại vụng An Hoà – huyện Núi Thành – tỉnh Quảng Nam
Xác định sự phân bố của một số loài vi khuẩn lam và vi tảo tại vụng An Hoà nhằm bổ sung dữ liệu khoa học cho hệ thực vật thủy sinh bậc thấp cho dự án “Điều tra xây dựng cơ sở dữ liệu đa dạng sinh học tỉnh Quảng Nam” cơ sở để phục vụ cho công tác bảo vệ đa dạng sinh học, bảo tồn và phát triển kinh tế...
Gorde:
| Egile nagusia: | |
|---|---|
| Beste egile batzuk: | , |
| Formatua: | Liburua |
| Hizkuntza: | Vietnamese |
| Argitaratua: |
Đà Nẵng
Trường Đại học sư phạm Đà Nẵng
2017
|
| Gaiak: | |
| Etiketak: |
Etiketa erantsi
Etiketarik gabe, Izan zaitez lehena erregistro honi etiketa jartzen!
|
| Thư viện lưu trữ: | Mạng thư viện Đại học Đà Nẵng |
|---|
| LEADER | 02254nam a2200373 4500 | ||
|---|---|---|---|
| 001 | 000024944 | ||
| 003 | 21435 | ||
| 005 | 20170419080432.0 | ||
| 008 | 170328s2017 viesd | ||
| 041 | |a vie | ||
| 082 | 1 | 4 | |a 579.39 |b TH-T |
| 100 | 1 | |a Thi Thị Hoài Thương | |
| 245 | 1 | |a Nghiên cứu sự phân bố của một số loài vi khuẩn lam và vi tảo tại vụng An Hoà – huyện Núi Thành – tỉnh Quảng Nam |c Thi Thị Hoài Thương ; Đỗ Thu Hà, Nguyễn Thị Mộng Điệp hướng dẫn. |k Luận văn Thạc sĩ | |
| 260 | |a Đà Nẵng |b Trường Đại học sư phạm Đà Nẵng |c 2017 | ||
| 300 | |a 82 tr., phụ lục 22 tr. |b bảng, hình mh. |c 29 cm. |e Tóm tắt | ||
| 500 | |a Luận văn thạc sĩ Khoa học. Chuyên ngành: Sinh thái học. Mã số: 60.42.01.20 | ||
| 520 | 3 | |a Xác định sự phân bố của một số loài vi khuẩn lam và vi tảo tại vụng An Hoà nhằm bổ sung dữ liệu khoa học cho hệ thực vật thủy sinh bậc thấp cho dự án “Điều tra xây dựng cơ sở dữ liệu đa dạng sinh học tỉnh Quảng Nam” cơ sở để phục vụ cho công tác bảo vệ đa dạng sinh học, bảo tồn và phát triển kinh tế theo hướng bền vững nằm trong “Kế hoạch hành động ĐDSH tỉnh Quảng Nam năm 2015 và định hướng đến năm 2020”. | |
| 650 | 0 | 4 | |a Vi khuẩn lam |v Luận văn tốt nghiệp |x Nghiên cứu |z An Hòa (Quảng Nam) |
| 650 | 0 | 4 | |a Vi tảo |v Luận văn tốt nghiệp |x Nghiên cứu |z An Hòa (Quảng Nam) |
| 653 | |a Sinh thái học | ||
| 653 | |a Vi khuẩn lam | ||
| 653 | |a Vi tảo | ||
| 700 | 1 | |a Đỗ Thu Hà |c PTS.TS. |e Hướng dẫn | |
| 700 | 1 | |a Nguyễn Thị Mộng Điệp |c TS. |e Hướng dẫn | |
| OWN | |a LSP | ||
| AVA | |a UDN50 |b LSP |d 579.39 TH-T |e available |t Error 5001 Not defined in file expand_doc_bib_avail. |f 1 |g 0 |h N |i 0 |k 1 | ||
| 999 | |a From the UDN01 | ||
| AVA | |a UDN50 |b LSP |d 579.39 TH-T |e available |t Error 5001 Not defined in file expand_doc_bib_avail. |f 1 |g 0 |h N |i 0 |k 1 | ||
| TYP | |a Monograph | ||
| TYP | |a Printed language | ||
| 980 | |a Mạng thư viện Đại học Đà Nẵng | ||